00918nam a22002417a 4500003000400000005001700004008004100021020001500062040002400077100003500101245012000136260003300256300004400289500002400333504001700357650006200374650004200436700004000478700003200518942000800550999001500558952010300573OSt20170419181250.0170419s1999 sp ad || 000 ||spa|d a8481643017 aES-BaCBUbcatcCDMR1 aLucas Marín, Antonio,d1945-10aSociología de la comunicación /cAntonio Lucas Marín, Carmen García Galera, José Antonio Ruiz San Román aMadrid :bTrotta,ccop. 1999 a276 p. :bil., gràf., quadres;c23 cm aReimpressions: 2003 aBibliografia04aMitjans de comunicació de massaxAspectes socials92757 4aComunicacióxAspectes socials942891 aGarcía Galera, María del Carmen1 aRuiz San Román, José A. cMON c7019d7019 001040708CICaCDMRbCDMRd2017-04-19l0oCIC Cc 5/50pCDMR17040010r2017-04-19w2017-04-19yMON